Πρόσκληση στον Παντοκράτορα

Αποθηκεύτηκε σε:
Λεπτομέρειες βιβλιογραφικής εγγραφής
Κύριος συγγραφέας: Παρτζίλη, Λάρα, 1945-
Μορφή: Βιβλίο
Γλώσσα:Greek
Δημοσίευση: Λευκωσία : Εν Τύποις, 2007.
Σειρά:Σύγχρονη Κυπριακή Ποίηση ; 8
Θέματα:
Ετικέτες: Προσθήκη ετικέτας
Δεν υπάρχουν, Καταχωρήστε ετικέτα πρώτοι!

MARC

LEADER 00000nam a2200000 a 4500
001 1/126572
008 230512s2007####cy | ||| |||| ||gre||
020 |a 9789963654499 
040 |a GR-MyUa  |b gre  |c GR-MyUa  |e AACR2 
041 0 |a gre 
082 7 |a 889.3   |2 (23) 
100 1 |a Παρτζίλη, Λάρα,   |d 1945- 
245 1 0 |a Πρόσκληση στον Παντοκράτορα /   |c Λάρα Παρτζίλη. 
260 |a Λευκωσία :   |b Εν Τύποις,   |c 2007.  
300 |a 86 σ. ;   |c 23 εκ.  
490 1 |a (Σύγχρονη Κυπριακή Ποίηση / Εν Τύποις ;   |v  8) 
650 0 |a Greek literature, Modern  |z Cyprus. 
650 0 |a Greek poetry, Modern  |z Cyprus. 
830 0 |a Σύγχρονη Κυπριακή Ποίηση ;  |v 8 
852 |a INST  |b RHODES  |e 20230512  |h 889.3 ΠΑΡ  |p 005400043551  |q 005400043551  |t BK  |y 0 
970 |z 13-05-2023